Statistiken für Kader Holstein Kiel

Klicken Sie hier um das Quiz zu spielen!

Allgemein

  • Dieses Quiz wurde 60 mal gespielt
  • Das Durchschnittsergebnis liegt bei 17 aus 31

Antwortstatistiken

#Spieler% Korrekt
10Lewis Holtby
87%
24Hauke Wahl
82%
11Fabian Reese
76%
20Jann-Fiete Arp
76%
21Thomas Dähne
74%
31Fin Bartels
71%
9Benedikt Pichler
68%
27Finn Porath
68%
Marcel Rapp
68%
8Alexander Mühling
66%
4Patrick Erras
66%
16Philipp Sander
61%
33Timon Weiner
61%
3Marco Komenda
55%
19Simon Lorenz
55%
17Timo Becker
55%
18Kwasi Wriedt
53%
7Steven Skrzybski
53%
32Jonas Sterner
50%
2Mikkel Kirkeskov
50%
23Julian Korb
42%
25Marvin Schulz
42%
5Stefan Thesker
42%
1Tim Schreiber
39%
36Hólmbert Aron Friðjónsson
37%
35Robin Himmelmann
37%
30Marvin Obuz
29%
26Lucas Wolf
26%
6Marcel Benger
24%
28Noah Awuku
24%
22Aleksandar Ignjovski
21%

Verteilung der Resultate

Perzentil nach korrekt beantworteten Fragen

Anzahl Personen mit jedem Resultat

Ihre Resultats-Entwicklung

Sie haben dieses Quiz noch nicht gespielt